[Event "Belgrade Spring op"]
[Site "Belgrade"]
[Date "2011.03.23"]
[Round "1"]
[White "Novkovic, Marko"]
[Black "Maric, Dragan"]
[Result "0-1"]
[WhiteElo "1861"]
[BlackElo "2241"]
[PlyCount "72"]
[EventDate "2011.03.23"]
[EventType "swiss"]
[EventRounds "9"]
[EventCountry "SRB"]
[SourceTitle "CBM 141 Extra"]
[Source "ChessBase"]
[SourceDate "2011.05.03"]
[SourceVersion "1"]
[SourceVersionDate "2011.05.03"]
[SourceQuality "1"]

1. c4 e5 2. Nc3 Nc6 3. Nf3 f5 4. d3 Nf6 5. g3 Bc5 6. Bg2 d6 7. a3 0-0 8. Na4 e4 9. Nxc5 exf3 10. Bxf3 dxc5 11. 0-0 Re8 12. e3 Ne5 13. Be2 Bd7 14. b4 cxb4 15. axb4 a6 16. Bb2 Qe7 17. Ba3 Qf7 18. Rc1 b5 19. Bb2 bxc4 20. d4 Nd3 21. Bxd3 cxd3 22. Rxc7 Rac8 23. Rc5 Ne4 24. Rxc8 Rxc8 25. f3 Nd6 26. e4 Bb5 27. d5 Rc2 28. Bd4 Qh5 29. Rf2 Rxf2 30. Bxf2 fxe4 31. g4 Qxd5 32. fxe4 Nxe4 33. Be3 d2 34. h3 Ba4 35. Qxa4 d1Q+ 36. Kh2 Qxa4 0-1

[Event "Belgrade Spring op"]
[Site "Belgrade"]
[Date "2009.03.29"]
[Round "7"]
[White "Milanovic, Maja"]
[Black "Novkovic, Marko"]
[Result "1/2-1/2"]
[WhiteElo "1713"]
[BlackElo "1914"]
[PlyCount "160"]
[EventDate "2009.03.21"]
[EventType "swiss"]
[EventRounds "9"]
[EventCountry "YUG"]
[SourceTitle "CBM 129 Extra"]
[Source "ChessBase"]
[SourceDate "2009.05.05"]
[SourceVersion "2"]
[SourceVersionDate "2009.05.20"]
[SourceQuality "1"]

1. e4 e6 2. d4 d5 3. e5 c5 4. c3 Qb6 5. Nf3 Nc6 6. Be2 cxd4 7. cxd4 Bb4+ 8. Bd2 Bd7 9. Nc3 a6 10. a3 Be7 11. Na4 Qa7 12. Be3 b5 13. Nc3 Bd8 14. 0-0 Nge7 15. Qd2 Na5 16. Qd1 Nf5 17. Bd3 Nxe3 18. fxe3 Nc4 19. Bxc4 bxc4 20. Qe1 Rb8 21. Nd1 Ba4 22. Qf2 0-0 23. Rb1 Be7 24. Nc3 Bb3 25. g4 Qd7 26. h4 f5 27. gxf5 Rxf5 28. Qg2 Rbf8 29. Kh1 Qd8 30. Rg1 g6 31. Ng5 Bxg5 32. hxg5 Rf2 33. Qg4 Qe7 34. Rg2 Bc2 35. Rbg1 R8f5 36. Rxf2 Rxf2 37. Rg2 Rf1+ 38. Kh2 Bf5 39. Qg3 Kg7 40. Rg1 Rxg1 41. Kxg1 h6 42. gxh6+ Kxh6 43. Kg2 g5 44. Qh2+ Kg7 45. Kg3 Qf7 46. Ne2 Kg6 47. Nc3 Kg7 48. Ne2 Qg6 49. Kf2 Be4 50. Ng3 Qf7+ 51. Ke1 Qf3 52. Qf2 g4 53. Qxf3 Bxf3 54. Kf2 Kg6 55. Nf1 a5 56. Kg3 Kf5 57. Nd2 Bd1 58. Nb1 Kg5 59. Nc3 Bf3 60. Nb5 a4 61. Nd6 Bd1 62. e4 Bf3 63. exd5 exd5 64. Nb7 Kf5 65. Nc5 Bd1 66. e6 Kf6 67. Kf4 Ke7 68. Kg3 Kf6 69. Kf4 Be2 70. Nxa4 Kxe6 71. Nc3 Bf3 72. Nb1 Kd6 73. Nd2 Be2 74. Ke3 Bd1 75. Kf2 Kc6 76. Nf1 Kb5 77. Ke1 Bf3 78. Kd2 Be4 79. Ng3 Bg6 80. Nf1 Be8 1/2-1/2

[Event "Belgrade Spring op"]
[Site "Belgrade"]
[Date "2009.03.24"]
[Round "4"]
[White "Novkovic, Marko"]
[Black "Ivanovic, Aleksandar"]
[Result "1-0"]
[WhiteElo "1914"]
[BlackElo "1624"]
[PlyCount "85"]
[EventDate "2009.03.21"]
[EventType "swiss"]
[EventRounds "9"]
[EventCountry "YUG"]
[SourceTitle "CBM 129 Extra"]
[Source "ChessBase"]
[SourceDate "2009.05.05"]
[SourceVersion "2"]
[SourceVersionDate "2009.05.20"]
[SourceQuality "1"]

1. c4 e6 2. e4 Nc6 3. Ne2 Nf6 4. d3 h6 5. Nbc3 Bb4 6. Qc2 0-0 7. a3 Bc5 8. b4 Nd4 9. Nxd4 Bxd4 10. Bb2 Ng4 11. Nd1 Qf6 12. Bxd4 Qxd4 13. Rc1 f5 14. h3 Nf6 15. f3 b6 16. Qc3 Qxc3+ 17. Nxc3 fxe4 18. dxe4 Bb7 19. Be2 Nh5 20. 0-0 Nf4 21. Bd1 d5 22. exd5 exd5 23. cxd5 Rae8 24. Bb3 Ba6 25. b5 Bxb5 26. Nxb5 Ne2+ 27. Kf2 Nxc1 28. Rxc1 Kh8 29. Rxc7 Ra8 30. Nxa7 Rfd8 31. Kg3 Kh7 32. Bc2+ Kg8 33. Be4 Rd6 34. Kf4 Rad8 35. Nb5 R8d7 36. Rc8+ Rd8 37. Nxd6 Rxc8 38. Nxc8 b5 39. Bg6 b4 40. axb4 h5 41. d6 Kf8 42. d7 Kg8 43. d8Q# 1-0

[Event "Belgrade Spring op"]
[Site "Belgrade"]
[Date "2009.03.21"]
[Round "1"]
[White "Svetac, Nenad"]
[Black "Novkovic, Marko"]
[Result "1-0"]
[WhiteElo "2322"]
[BlackElo "1914"]
[PlyCount "79"]
[EventDate "2009.03.21"]
[EventType "swiss"]
[EventRounds "9"]
[EventCountry "YUG"]
[SourceTitle "CBM 129 Extra"]
[Source "ChessBase"]
[SourceDate "2009.05.05"]
[SourceVersion "2"]
[SourceVersionDate "2009.05.20"]
[SourceQuality "1"]

1. e4 e6 2. d4 d5 3. e5 c5 4. c3 Nc6 5. Nf3 Qb6 6. a3 Bd7 7. b4 cxd4 8. cxd4 Nge7 9. Nc3 Nf5 10. Na4 Qc7 11. Bb2 Nxb4 12. axb4 Bxb4+ 13. Nd2 Bxd2+ 14. Qxd2 0-0 15. Rc1 Bc6 16. Nc5 Rfc8 17. Bd3 Nh6 18. 0-0 Kh8 19. Rc2 Ng8 20. f4 b6 21. Na6 Qd7 22. Rfc1 g6 23. Ba3 Bb7 24. Nc7 Rab8 25. Bd6 h6 26. Nb5 Rxc2 27. Rxc2 Rc8 28. Nxa7 Rxc2 29. Qxc2 Ba8 30. Nc8 Qd8 31. Qc7 Qh4 32. g3 Qg4 33. Qc2 b5 34. Be2 Qh3 35. Bxb5 h5 36. Ne7 Nh6 37. Bf1 Qg4 38. Kg2 Nf5 39. Qc8+ Kh7 40. Qg8+ 1-0

[Event "Belgrade-ch"]
[Site "Belgrade"]
[Date "2009.01.25"]
[Round "2"]
[White "Pavlovic, Luka"]
[Black "Novkovic, Marko"]
[Result "1-0"]
[WhiteElo "1624"]
[BlackElo "1913"]
[PlyCount "177"]
[EventDate "2009.01.24"]
[EventType "swiss"]
[EventRounds "9"]
[EventCountry "YUG"]
[SourceTitle "CBM 128 Extra"]
[Source "ChessBase"]
[SourceDate "2009.03.05"]
[SourceVersion "2"]
[SourceVersionDate "2009.03.25"]
[SourceQuality "1"]

1. e4 e6 2. d4 d5 3. e5 c5 4. c3 Qb6 5. Nf3 Nc6 6. Bd3 Bd7 7. dxc5 Bxc5 8. 0-0 a6 9. b4 Be7 10. Be3 Qc7 11. Re1 h6 12. Qc1 Rc8 13. a4 Qd8 14. a5 Kf8 15. Bb6 Qe8 16. Qf4 g5 17. Qg3 f5 18. Bxf5 Qf7 19. Bd3 Qg7 20. Nd4 Nxd4 21. Bxd4 h5 22. Qf3+ Qf7 23. Qxf7+ Kxf7 24. Nd2 Nh6 25. h3 g4 26. hxg4 hxg4 27. Nb3 Bc6 28. Nc5 Bxc5 29. Bxc5 Kg7 30. c4 Rhe8 31. cxd5 Bxd5 32. Be4 Bxe4 33. Rxe4 Red8 34. Rd4 Rxd4 35. Bxd4 Nf5 36. Bc5 Rd8 37. Rc1 Rd7 38. Rc4 Nh6 39. Bd6 Kg6 40. Rc7 Rxc7 41. Bxc7 Kf5 42. Kh2 Nf7 43. Kg3 Ng5 44. f3 gxf3 45. gxf3 Nf7 46. f4 Nh8 47. Bb6 Ng6 48. Be3 Ne7 49. Bd2 Nc6 50. Kf3 Ne7 51. Ke3 Nd5+ 52. Kd4 Nxf4 53. Kc5 Nd5 54. Kd6 b6 55. b5 bxa5 56. bxa6 Nb6 57. Bxa5 Nc4+ 58. Kc5 Nxa5 59. a7 Nb3+ 60. Kb4 Nd4 61. a8Q Kxe5 62. Qh8+ Ke4 63. Qh4+ Kd5 64. Kc3 Nf5 65. Qh1+ Ke5 66. Kd3 Ne7 67. Qe4+ Kf6 68. Kd4 Nf5+ 69. Kc5 Ke7 70. Qe5 Kd7 71. Qf6 Ne7 72. Qg7 Kd8 73. Qd4+ Ke8 74. Qf6 Kd7 75. Qf7 e5 76. Qf6 e4 77. Qd4+ Ke6 78. Qxe4+ Kf6 79. Kd6 Nf5+ 80. Kd7 Ng7 81. Qd4+ Kf7 82. Qf4+ Kg6 83. Ke7 Nf5+ 84. Ke6 Ng7+ 85. Ke5 Ne8 86. Qf5+ Kg7 87. Ke6 Kh6 88. Qf8+ Ng7+ 89. Kf6 1-0

[Event "Belgrade-ch"]
[Site "Belgrade"]
[Date "2009.01.24"]
[Round "1"]
[White "Novkovic, Marko"]
[Black "Kocic, Sasa"]
[Result "0-1"]
[WhiteElo "1913"]
[BlackElo "2243"]
[PlyCount "114"]
[EventDate "2009.01.24"]
[EventType "swiss"]
[EventRounds "9"]
[EventCountry "YUG"]
[SourceTitle "CBM 128 Extra"]
[Source "ChessBase"]
[SourceDate "2009.03.05"]
[SourceVersion "2"]
[SourceVersionDate "2009.03.25"]
[SourceQuality "1"]

1. c4 Nf6 2. Nc3 g6 3. d4 Bg7 4. e4 0-0 5. f3 d6 6. Be3 b6 7. Qd2 c5 8. d5 Na6 9. Bh6 Nc7 10. Bxg7 Kxg7 11. g4 h5 12. gxh5 Nxh5 13. 0-0-0 a6 14. Kb1 Rh8 15. Nge2 b5 16. Nf4 Ng3 17. Rg1 Nxf1 18. Rdxf1 bxc4 19. Qg2 Qe8 20. Qg3 Nb5 21. Nfe2 Rh3 22. Qf4 Qh8 23. Rf2 Qh6 24. Qxh6+ Rxh6 25. Na4 Rb8 26. f4 Bd7 27. Nac3 Rbh8 28. Rgg2 Kf8 29. Kc1 e6 30. e5 exd5 31. exd6 d4 32. Ne4 Bc6 33. N2g3 f5 34. Nxc5 Bxg2 35. d7 Ke7 36. Rxg2 Kd6 37. d8Q+ Rxd8 38. Nb7+ Kc7 39. Nxd8 Kxd8 40. a4 Nc7 41. b3 c3 42. Kc2 Ne6 43. Ne2 Rh3 44. Ng1 Rh4 45. Ne2 Nxf4 46. Nxf4 Rxf4 47. Rxg6 Rf2+ 48. Kc1 Kd7 49. Rg3 Rxh2 50. Rd3 Rd2 51. Rxd2 cxd2+ 52. Kxd2 f4 53. b4 Kc6 54. Kc2 Kd5 55. Kd3 f3 56. a5 Kc6 57. Kxd4 f2 0-1

[Event "Belgrade Spring op"]
[Site "Belgrade"]
[Date "2008.03.28"]
[Round "4"]
[White "Novkovic, Marko"]
[Black "Dimitrijevic, Radmilo"]
[Result "0-1"]
[WhiteElo "1936"]
[BlackElo "2093"]
[PlyCount "99"]
[EventDate "2008.03.25"]
[EventType "swiss"]
[EventRounds "9"]
[EventCountry "YUG"]
[SourceTitle "CBM 123 Extra"]
[Source "ChessBase"]
[SourceDate "2008.05.06"]
[SourceVersion "1"]
[SourceVersionDate "2008.05.06"]
[SourceQuality "1"]

1. c4 e5 2. Nc3 Nc6 3. g3 g6 4. Bg2 Bg7 5. e3 Nge7 6. Nge2 d6 7. 0-0 0-0 8. d4 exd4 9. exd4 Bg4 10. f3 Bd7 11. Be3 Qc8 12. Re1 Re8 13. Bf2 Bf5 14. a3 Na5 15. b3 c6 16. Ra2 d5 17. c5 b6 18. Na4 Qa6 19. Nc1 Kf8 20. Rae2 Nb7 21. g4 Be6 22. Bf1 b5 23. Ra2 Qa5 24. Nb2 Qc7 25. b4 Bd7 26. a4 a6 27. Qd2 Kg8 28. Ncd3 Nd8 29. Ne5 f6 30. Nxd7 Qxd7 31. axb5 cxb5 32. Rea1 Qb7 33. Bg2 Ne6 34. Be3 f5 35. Nd1 f4 36. Bxf4 Bxd4+ 37. Be3 Bxa1 38. Rxa1 Qc7 39. f4 Rad8 40. Rxa6 d4 41. Bf2 Qxf4 42. Qe2 Ng5 43. h4 Nf7 44. Qxb5 Qxg4 45. Ra1 Nd5 46. c6 Nf4 47. Qf1 Rc8 48. b5 Ne5 49. Bxd4 Ne2+ 50. Kh1 0-1

[Event "Belgrade Spring op"]
[Site "Belgrade"]
[Date "2007.03.30"]
[Round "5"]
[White "Novkovic, Marko"]
[Black "Kerecki, Ljubisa"]
[Result "0-1"]
[WhiteElo "1932"]
[BlackElo "2119"]
[PlyCount "90"]
[EventDate "2007.03.26"]
[EventType "swiss"]
[EventRounds "9"]
[EventCountry "YUG"]
[SourceTitle "CBM 117 Extra"]
[Source "ChessBase"]
[SourceDate "2007.05.09"]
[SourceVersion "1"]
[SourceVersionDate "2007.05.09"]
[SourceQuality "1"]

1. c4 Nf6 2. Nc3 g6 3. d4 Bg7 4. e4 d6 5. f3 c6 6. Be3 a6 7. Qd2 0-0 8. Bh6 e5 9. Bxg7 Kxg7 10. h4 h6 11. 0-0-0 Qa5 12. g4 Nfd7 13. Nh3 f6 14. g5 fxg5 15. Nxg5 Nf6 16. Bh3 exd4 17. Qxd4 hxg5 18. Bxc8 Rxc8 19. Rdg1 Qe5 20. Qxe5 dxe5 21. Rxg5 Nbd7 22. Rhg1 Rg8 23. h5 Kf7 24. hxg6+ Kg7 25. Ne2 Kh6 26. g7 Nh5 27. f4 exf4 28. Nd4 Ng3 29. R5xg3 fxg3 30. Rxg3 Rae8 31. Nf5+ Kh5 32. Nd6 Re7 33. Re3 Rexg7 34. e5 Re7 35. e6 Nc5 36. b4 Rg1+ 37. Kb2 Rg2+ 38. Ka3 Rxe6 39. Rxe6 Rg3+ 40. Kb2 Nxe6 41. Nxb7 Kg6 42. Nd6 Rd3 43. Nc8 Kf6 44. Na7 Nd4 45. Nc8 Ke6 0-1

[Event "Belgrade Spring op"]
[Site "Belgrade"]
[Date "2007.03.26"]
[Round "1"]
[White "Novkovic, Marko"]
[Black "Vujic, Mihailo"]
[Result "0-1"]
[WhiteElo "1932"]
[BlackElo "2283"]
[PlyCount "134"]
[EventDate "2007.03.26"]
[EventType "swiss"]
[EventRounds "9"]
[EventCountry "YUG"]
[SourceTitle "CBM 117 Extra"]
[Source "ChessBase"]
[SourceDate "2007.05.09"]
[SourceVersion "1"]
[SourceVersionDate "2007.05.09"]
[SourceQuality "1"]

1. c4 Nc6 2. d4 e5 3. d5 Nce7 4. e4 Ng6 5. Be3 Nf6 6. f3 Bb4+ 7. Nd2 Qe7 8. a3 Bc5 9. Qe2 0-0 10. b4 Bxe3 11. Qxe3 c6 12. g3 a5 13. b5 c5 14. a4 d6 15. Bh3 Nh5 16. Bxc8 Raxc8 17. Ne2 f5 18. exf5 Rxf5 19. g4 Nhf4 20. 0-0-0 Nxe2+ 21. Qxe2 Rf4 22. h4 Nxh4 23. Rh3 Rcf8 24. Rdh1 g5 25. Kc2 h6 26. Kb3 Qf7 27. Rxh4 gxh4 28. Rxh4 Rxf3+ 29. Nxf3 Qxf3+ 30. Qxf3 Rxf3+ 31. Kb2 Kg7 32. Rh5 Rg3 33. Rh4 Kg6 34. Kc2 b6 35. Kb2 Rf3 36. Kc2 Rf4 37. Kc3 Rd4 38. Kb3 e4 39. Kc3 e3 40. Rh1 Rxg4 41. Re1 Re4 42. Kd3 Re5 43. Ke2 h5 44. Rf1 h4 45. Rg1+ Rg5 46. Rh1 Rh5 47. Kxe3 h3 48. Kf3 h2 49. Kg4 Rh8 50. Kg3 Kf5 51. Kg2 Ke4 52. Re1+ Kd4 53. Kh1 Kxc4 54. Re7 Rb8 55. Kxh2 Kxd5 56. Kg3 Kc4 57. Kf2 Kb4 58. Re4+ c4 59. Ke3 d5 60. Rd4 Rd8 61. Rd1 Kxa4 62. Rb1 d4+ 63. Kd2 Rh8 64. Ke2 Rh5 65. Kf3 Re5 66. Kf4 Re8 67. Rd1 d3 0-1

[Event "Belgrade Ada op"]
[Site "Belgrade"]
[Date "2005.08.15"]
[Round "1"]
[White "Toth, Aleksandar"]
[Black "Novkovic, Marko"]
[Result "1-0"]
[WhiteElo "2262"]
[BlackElo "1946"]
[PlyCount "115"]
[EventDate "2005.08.15"]
[EventType "swiss"]
[EventRounds "9"]
[EventCountry "YUG"]
[SourceTitle "CBM 107 Extra"]
[Source "ChessBase"]
[SourceDate "2005.09.01"]
[SourceVersion "1"]
[SourceVersionDate "2005.09.01"]
[SourceQuality "1"]

1. e4 e6 2. d3 d5 3. Nd2 dxe4 4. dxe4 Nf6 5. Ngf3 Be7 6. Be2 b6 7. c3 Bb7 8. Qc2 Nbd7 9. 0-0 Qc8 10. Re1 0-0 11. e5 Nd5 12. Ne4 c5 13. Neg5 g6 14. c4 Nb4 15. Qc3 h6 16. Nh3 Kg7 17. a3 Nc6 18. Qe3 Rh8 19. Nf4 Qc7 20. Bd3 Bg5 21. h4 Bxf4 22. Qxf4 Na5 23. Nd2 Rag8 24. Qe3 Nc6 25. b3 Qxe5 26. Qxe5+ Ncxe5 27. Bb2 f6 28. Be4 Bxe4 29. Nxe4 Kf7 30. Rad1 Rd8 31. Nxf6 Nxf6 32. Bxe5 Rhe8 33. f3 Rxd1 34. Rxd1 Re7 35. Rd8 g5 36. hxg5 hxg5 37. Kf2 Kg6 38. g4 Nd7 39. Bd6 Rf7 40. Ke3 Nf6 41. Be5 Nd7 42. Bc3 e5 43. Re8 b5 44. cxb5 Nb6 45. Bxe5 c4 46. b4 c3 47. Re6+ Kh7 48. Rc6 Re7 49. Kd4 Nd7 50. Bg3 Nb6 51. Rxc3 Rd7+ 52. Ke5 Kg6 53. Bf2 Rd5+ 54. Ke4 Rxb5 55. Rc6+ Kf7 56. Bxb6 axb6 57. Rd6 Ke7 58. Rd5 1-0

[Event "Belgrade Spring op"]
[Site "Belgrade"]
[Date "2005.04.01"]
[Round "8"]
[White "Brakus, Dragan"]
[Black "Novkovic, Marko"]
[Result "1-0"]
[WhiteElo "2059"]
[BlackElo "1931"]
[PlyCount "113"]
[EventDate "2005.03.25"]
[EventType "swiss"]
[EventRounds "9"]
[EventCountry "YUG"]
[SourceTitle "CBM 105 Extra"]
[Source "ChessBase"]
[SourceDate "2005.05.01"]
[SourceVersion "1"]
[SourceVersionDate "2005.05.01"]
[SourceQuality "1"]

1. d4 d5 2. c4 c6 3. Nf3 Nf6 4. Nc3 Na6 5. cxd5 cxd5 6. Qb3 e6 7. Bg5 Be7 8. e3 Nc7 9. Rc1 0-0 10. Bd3 a6 11. 0-0 b5 12. a4 b4 13. Na2 h6 14. Bf4 Nce8 15. Ne5 Bd7 16. Nc6 Bxc6 17. Rxc6 a5 18. Rfc1 Bd6 19. Bg3 Bxg3 20. hxg3 Nd6 21. Qc2 Qb8 22. Qc5 Nfe4 23. Qb6 Qxb6 24. Rxb6 Rfd8 25. Rcc6 Nc8 26. Ra6 Ne7 27. Rxa8 Rxa8 28. Rc7 Kf8 29. Nc1 Nd2 30. f3 Rc8 31. Rxc8+ Nxc8 32. b3 Nb6 33. Kf2 Ndc4 34. bxc4 dxc4 35. Bc2 b3 36. Nxb3 cxb3 37. Bxb3 Ke7 38. e4 Kd6 39. Ke3 f6 40. f4 g5 41. Kf3 e5 42. dxe5+ fxe5 43. Kg4 exf4 44. gxf4 gxf4 45. Kxf4 Nd7 46. Kf5 Ne5 47. Bd1 Nc4 48. Be2 Ne3+ 49. Kf6 Nxg2 50. e5+ Kc7 51. e6 Nf4 52. e7 Nd5+ 53. Kf7 Nxe7 54. Kxe7 Kc6 55. Kf6 Kc5 56. Kg6 Kb4 57. Bb5 1-0

[Event "Belgrade Spring op"]
[Site "Belgrade"]
[Date "2005.03.26"]
[Round "2"]
[White "Carnic, Dejan"]
[Black "Novkovic, Marko"]
[Result "1-0"]
[WhiteElo "2245"]
[BlackElo "1931"]
[PlyCount "105"]
[EventDate "2005.03.25"]
[EventType "swiss"]
[EventRounds "9"]
[EventCountry "YUG"]
[SourceTitle "CBM 105 Extra"]
[Source "ChessBase"]
[SourceDate "2005.05.01"]
[SourceVersion "1"]
[SourceVersionDate "2005.05.01"]
[SourceQuality "1"]

1. e4 c5 2. Nf3 d6 3. d4 cxd4 4. Nxd4 Nf6 5. Nc3 a6 6. Bg5 e5 7. Nf3 Be6 8. Bxf6 Qxf6 9. Nd5 Qd8 10. Qd2 Nc6 11. c3 h6 12. b4 b5 13. a4 Bxd5 14. exd5 Na7 15. axb5 axb5 16. Qe3 Qb8 17. Nd4 Be7 18. Nxb5 Nxb5 19. Bxb5+ Qxb5 20. Rxa8+ Bd8 21. Qa7 0-0 22. Qa6 Qxd5 23. 0-0 e4 24. h3 g5 25. Ra1 Qd2 26. Qc6 e3 27. fxe3 Qxe3+ 28. Kh1 g4 29. Qd7 Qxc3 30. Qxg4+ Kh7 31. Rf1 Re8 32. Qf5+ Kh8 33. Qxf7 Rg8 34. Ra7 Qd3 35. Qf5 Qxf5 36. Rxf5 Bh4 37. Rff7 Rb8 38. Rh7+ Kg8 39. Rag7+ Kf8 40. Rg4 Bf6 41. Rf4 Kg8 42. Rxh6 Be5 43. Rg4+ Kf7 44. h4 Ra8 45. g3 Ra2 46. h5 Rb2 47. Rgg6 Rxb4 48. Rh7+ Kf8 49. h6 Rb2 50. Rc7 Rf2 51. h7 Ke8 52. Rg8+ Rf8 53. Rc8+ 1-0

[Event "Belgrade Zimski op"]
[Site "Belgrade"]
[Date "2005.01.25"]
[Round "3"]
[White "Novkovic, Marko"]
[Black "Stanisic, Jelisaveta"]
[Result "1-0"]
[WhiteElo "1931"]
[BlackElo "1747"]
[PlyCount "131"]
[EventDate "2005.01.22"]
[EventType "swiss"]
[EventRounds "9"]
[EventCountry "YUG"]
[SourceTitle "CBM 104 Extra"]
[Source "ChessBase"]
[SourceDate "2005.03.01"]
[SourceVersion "1"]
[SourceVersionDate "2005.03.01"]
[SourceQuality "1"]

1. c4 c6 2. Nc3 d5 3. d4 Nf6 4. Bg5 Nbd7 5. Qc2 Qa5 6. cxd5 cxd5 7. Nf3 e6 8. Nd2 Bb4 9. a3 Be7 10. e3 0-0 11. Bd3 h6 12. Bh4 a6 13. h3 b5 14. 0-0 Bb7 15. b4 Qd8 16. Nb3 Nb6 17. Nc5 Bc6 18. Bg3 Nc4 19. Rfd1 Bd6 20. Bxd6 Qxd6 21. a4 e5 22. dxe5 Qxe5 23. a5 Rfd8 24. Ne2 Nd7 25. Nd4 Qd6 26. Ndb3 Nde5 27. Be2 Qf6 28. Rd4 Qg6 29. Qxg6 Nxg6 30. Rad1 Nge5 31. Kh2 Rd6 32. g4 Rf6 33. Kg3 Rg6 34. Nd3 h5 35. Nf4 Rd6 36. Nxh5 g6 37. Nf4 Rad8 38. Nc5 Ba8 39. Bf1 g5 40. Nfd3 f6 41. Re1 Nc6 42. Nb3 Nxd4 43. Nxd4 Ne5 44. Nc5 Kf7 45. Be2 Nd7 46. Ncb3 Rc8 47. Rh1 Rh8 48. Rc1 Ne5 49. Rc7+ Rd7 50. Rc1 Rhd8 51. Nc5 Rd6 52. f4 gxf4+ 53. exf4 Nd7 54. Ncb3 Nb8 55. h4 Nc6 56. Nxc6 Bxc6 57. Nc5 Ba8 58. Bd3 d4 59. g5 fxg5 60. hxg5 Re8 61. Rc2 Re3+ 62. Kh4 Rc6 63. Bf5 Rc3 64. Rd2 Rc4 65. Nd3 Rd6 66. Ne5+ 1-0

[Event "Belgrade Zimski op"]
[Site "Belgrade"]
[Date "2005.01.22"]
[Round "1"]
[White "Novkovic, Marko"]
[Black "Starcevic, Goran"]
[Result "0-1"]
[WhiteElo "1931"]
[BlackElo "2184"]
[PlyCount "78"]
[EventDate "2005.01.22"]
[EventType "swiss"]
[EventRounds "9"]
[EventCountry "YUG"]
[SourceTitle "CBM 104 Extra"]
[Source "ChessBase"]
[SourceDate "2005.03.01"]
[SourceVersion "1"]
[SourceVersionDate "2005.03.01"]
[SourceQuality "1"]

1. c4 Nf6 2. Nc3 g6 3. d4 Bg7 4. e4 d6 5. f3 0-0 6. Be3 Nfd7 7. Qd2 c5 8. d5 a6 9. Bh6 Bxh6 10. Qxh6 Ne5 11. Nh3 f6 12. Be2 b5 13. cxb5 axb5 14. Bxb5 c4 15. 0-0 Nbd7 16. Nf2 Qb6 17. Kh1 g5 18. f4 Nf7 19. Qh5 gxf4 20. Qg4+ Kh8 21. Qxf4 Nde5 22. Rae1 Rg8 23. h3 Rb8 24. a4 Ng6 25. Qe3 Qc7 26. Kh2 Nfe5 27. Qh6 Nf7 28. Qe3 Rg7 29. Rd1 Nfe5 30. Qh6 Qc5 31. Qd2 Nh4 32. Ng4 Bxg4 33. hxg4 Rxg4 34. Qh6 Rxg2+ 35. Kh1 Rh2+ 36. Kxh2 Ng4+ 37. Kh3 Nxh6 38. Kxh4 Rg8 39. Rf3 Qc8 0-1